LEADER 02382nam0 22005293i 450 001 VAN0250525 005 20230605091813.889 017 70$2N$a9781071603512 100 $a20220922d2020 |0itac50 ba 101 $aeng 102 $aUS 105 $a|||| ||||| 200 1 $aAmenable Banach Algebras$eA Panorama$fVolker Runde 210 $aNew York$cSpringer$d2020 215 $axvii, 462 p.$cill.$d24 cm 410 1$1001VAN0030486$12001 $aSpringer monographs in mathematics$1210 $aBerlin [etc.]$cSpringer 500 1$3VAN0250527$aAmenable Banach Algebras$92147593 606 $a46-XX$xFunctional analysis [MSC 2020]$3VANC019764$2MF 606 $a43-XX$xAbstract harmonic analysis [MSC 2020]$3VANC021258$2MF 606 $a46H25$xNormed modules and Banach modules, topological modules [MSC 2020]$3VANC021700$2MF 606 $a46L10$xGeneral theory of von Neumann algebras [MSC 2020]$3VANC021701$2MF 606 $a43A07$xMeans on groups, semigroups, etc.; amenable groups [MSC 2020]$3VANC021706$2MF 606 $a22D05$xGeneral properties and structure of locally compact groups [MSC 2020]$3VANC024234$2MF 610 $aAbstract harmonic analysis$9KW:K 610 $aAmenability Runde$9KW:K 610 $aAmenability book$9KW:K 610 $aAmenability research$9KW:K 610 $aAmenable Banach algebras$9KW:K 610 $aBanach algebras book$9KW:K 610 $aDual Banach algebras$9KW:K 610 $aFunctional Analysis$9KW:K 610 $aLocally compact groups$9KW:K 610 $aOperator algebras on Hilbert spaces$9KW:K 610 $aOperators Banach spaces$9KW:K 610 $aVon Neumann algebra$9KW:K 610 $aWeak amenability$9KW:K 620 $aUS$dNew York$3VANL000011 700 1$aRunde$bVolker$3VANV041019$066739 712 $aSpringer $3VANV108073$4650 801 $aIT$bSOL$c20240614$gRICA 856 4 $uhttp://doi.org/10.1007/978-1-0716-0351-2$zE-book ? Accesso al full-text attraverso riconoscimento IP di Ateneo, proxy e/o Shibboleth 899 $aBIBLIOTECA DEL DIPARTIMENTO DI MATEMATICA E FISICA$1IT-CE0120$2VAN08 912 $fN 912 $aVAN0250525 950 $aBIBLIOTECA DEL DIPARTIMENTO DI MATEMATICA E FISICA$d08CONS e-book 5006 $e08eMF5006 20220922 996 $aAmenable Banach Algebras$92147593 997 $aUNICAMPANIA LEADER 02220nam0 22004933i 450 001 VAN00287865 005 20250627100318.333 100 $a20250227d1991 |0itac50 ba 101 $aeng 102 $aUS 105 $a|||| ||||| 181 $ai$b e 182 $ab 183 $acr 200 1 $aAlgebraic K-Theory$fV. Srinivas 210 $aNew York$cSpringer ; Boston$cBirkhäuser$d1991 215 $axv, 314 p.$cill.$d24 cm 410 1$1001VAN00029329$12001 $aProgress in mathematics$1210 $aBoston [etc.]$cBirkhäuser$d1970-$v90 500 1$3VAN00295622$aAlgebraic K-Theory$94315077 606 $a14C35$xApplications of methods of algebraic K-theory in algebraic geometry [MSC 2020]$3VANC023930$2MF 606 $a18F25$xAlgebraic K-theory and L-theory (category-theoretic aspects) [MSC 2020]$3VANC024049$2MF 606 $a19-XX$xK-theory [MSC 2020]$3VANC019735$2MF 606 $a19Axx$xGrothendieck groups and K_0 [MSC 2020]$3VANC037348$2MF 606 $a19Bxx$xWhitehead groups and K_1 [MSC 2020]$3VANC037349$2MF 606 $a19Cxx$xSteinberg groups and K_2 [MSC 2020]$3VANC035665$2MF 606 $a19D06$xQ- and plus-constructions [MSC 2020]$3VANC038354$2MF 606 $a19Dxx$xHigher algebraic K-theory [MSC 2020]$3VANC035408$2MF 606 $a19E08$xK-theory of schemes [MSC 2020]$3VANC023931$2MF 610 $aAlgebra$9KW:K 610 $aAlgebraic K-theory$9KW:K 610 $aK-theory$9KW:K 620 $aUS$dNew York$3VANL000011 620 $dBoston$3VANL000051 700 1$aSrinivas$bVasudevan$3VANV242463$01784054 712 $aBirkhäuser $3VANV108193$4650 712 $aSpringer $3VANV108073$4650 801 $aIT$bSOL$c20250704$gRICA 856 4 $uhttps://doi.org/10.1007/978-1-4899-6735-0$zE-book ? Accesso al full-text attraverso riconoscimento IP di Ateneo, proxy e/o Shibboleth 899 $aBIBLIOTECA DEL DIPARTIMENTO DI MATEMATICA E FISICA$1IT-CE0120$2VAN08 912 $fN 912 $aVAN00287865 950 $aBIBLIOTECA DEL DIPARTIMENTO DI MATEMATICA E FISICA$d08DLOAD e-Book 10819 $e08eMF10819 20250312 996 $aAlgebraic K-Theory$94315077 997 $aUNICAMPANIA